Toutes les voies de Castelmoron d’Albret sur une carte - Statistiques

Statistiques générales
  • Ce quiz a été pris 6 fois
  • Le résultat moyen est 3 sur 10
Réponses sur la Carte
Les réponses sont colorées sur une échelle allant du rouge au vert en fonction du pourcentage des utilisateurs qui les ont devinées à leur premier essai. Vous pouvez retrouver ces pourcentages ci-dessous.
 
Statistiques - réponses
Nom de la voie % Correct
Rue de l’Église
100%
D230
33%
Grand Rue
33%
Rue de l’Amitié
33%
Rue de la République
33%
Chemin de Ronde
17%
Chemin du Pavé du Moulin
17%
Le Bourg
17%
Rue de la Tranchée
17%
Rue des Jasmins
17%
Aucun quiz correspondant
Distribution des résultats
% des personnes avec chaque résultat
Percentile par nombre de réponses
Votre historique - résultats
Vous n’avez pas pris ce quiz